Manual del jefe de brigadas forestales / (Registro nro. 2657)

Detalles MARC
000 -CABECERA
Campo de control 01265cam a2200265 a 4500
005 - FECHA Y HORA DE LA ULTIMA TRANSACCION
Campo de control 20171010144042.0
008 - ELEMENTOS DE LONGITUD FIJA—INFORMACION GENERAL
Campo de control 021201s2002 ck a r 00010 spa d
040 ## - FUENTE DE CATALOGACIÓN
Agencia catalogadora original la
Agencia transcriptora la
Agencia Modificadora CO-BoIAVH
041 0# - IDIOMA
Código de idioma para texto/pista de sonido o título separado Español
044 ## - PAÍS DE PUBLICACIÓN
País de publicación Colombia
082 04 - NUMERO DE CLASIFICACION DECIMAL DEWEY
Número de clasificación 632.18
Número del ítem C71m3
110 2# - ASIENTO PRINCIPAL--NOMBRE CORPORATIVO
Nombre corporativo o de jurisdicción como elemento de entrada Colombia.
Unidad subordinad Ministerio del Medio Ambiente.
-- Dirección General de Ecosistemas.
9 (RLIN) 67628
245 10 - MENCION DE TITULO
Título Manual del jefe de brigadas forestales /
Mención de responsabilidad Dirección General de Ecosistemas del Ministerio del Medio Ambiente.
260 ## - PUBLICACION, DISTRIBUCION, ETC. (PIE DE IMPRENTA)
Lugar de publicación, distribución, etc. Bogotá :
Nombre del editor, distribuidor, etc. Ediciones AECI,
Fecha de publicación, distribución, etc. 2002.
300 ## - DESCRIPCION FISICA
Extensión 42 páginas :
Otros detalles físicos ilustraciones ;
Dimensiones 24 x 17 centímetros
500 ## - NOTA GENERAL
Nota general Formulación y puesta en marcha de los programas nacionales de capacitación e información pública en prevención y mitigación de incendios forestales en Colombia.
500 ## - NOTA GENERAL
Nota general Incluye glosario.
504 ## - NOTA DE BIBLIOGRAFIA, ETC.
Nota de bibliografía Incluye referencias bibliográficas.
650 16 - ASIENTO SECUNDARIO DE MATERIA - TERMINO TEMATICO
Término temático o nombre geográfico como elemento de entrada Prevención de incendios forestales
Subdivisión de forma Manuales.
9 (RLIN) 67629
650 26 - ASIENTO SECUNDARIO DE MATERIA - TERMINO TEMATICO
Término temático o nombre geográfico como elemento de entrada Educación ambiental
Subdivisión de forma Proyectos.
9 (RLIN) 67630
650 26 - ASIENTO SECUNDARIO DE MATERIA - TERMINO TEMATICO
Término temático o nombre geográfico como elemento de entrada Vigilancia ambiental
Subdivisión de forma Manuales.
9 (RLIN) 67631
710 2# - ASIENTO SECUNDARIO - NOMBRE CORPORATIVO
Nombre corporativo o de jurisdicción como elemento de entrada Colombia.
Unidad subordinada Ministerio de Relaciones Exteriores.
-- Agencia Colombiana de Cooperación Internacional.
9 (RLIN) 67632
710 2# - ASIENTO SECUNDARIO - NOMBRE CORPORATIVO
9 (RLIN) 8931
Nombre corporativo o de jurisdicción como elemento de entrada Agencia Española de Cooperación Internacional
942 ## - ELEMENTOS ADICIONALES (KOHA)
Sistema de clasificación Dewey Decimal Classification
Tipo de ítem Libro
Existencias
Withdrawn status Lost status Sistema de Clasificación Damaged status No para préstamo Colección Inventariado Ubicación Permanente Ubicación actual Fecha de adquisición Fuente de Valor Valor Total Checkouts Número topográfico Inventario / Código de Barras Date last seen Ejemplar Price effective from Forma de adquisición Tipo de material
    Dewey Decimal Classification     General Inventariado 2017 Bogotá Bogotá 07/06/2002 Instituto 15000.00   LB-632.18 C71m3 003248 04/12/2012 Ej. 1 04/12/2012 Donación Libro
    Dewey Decimal Classification     General   Bogotá Bogotá 10/01/2018       LB-632.18 C71m3 043446 10/01/2018 Ej. 2 10/01/2018 Donación Libro